Postacie z lola ksywy - Statystyki

Ogólne statystyki
  • Ten quiz został rozwiązany 178 razy
  • Średni wynik to 41 z 100
Statystyki odpowiedzi
Hint Odpowiedź % Poprawnych
Anka Annie
77%
Udar Udyr
77%
Żygs Ziggs
76%
Szczur Twitch
74%
Biczkrank Blitzcrank
73%
Darek Darius
73%
Manuczo/Dżejsuo/Szympans Yasuo
72%
Pojemnior Dr mundo
66%
Yone Prosiak Yone
66%
Aszka Ashe
65%
Kassijdyn Kassadin
65%
Urglob Urgot
65%
Gruby Gragas
64%
Wojciech Brando Brand
63%
Ciatlyn Caitlyn
61%
Kek'sai Rek'sai
61%
Hja | Srakali Akali
60%
Sraj Vi
59%
Srak/Żak/Zacz Zac
58%
Mored Mordekaiser
57%
Ssijvana Shyvana
57%
Brad Bard
56%
Arcane postać Jinx
56%
Pyk Pyke
56%
Rozdać karty Twisted fate
56%
Nono i Wilhelm Nunu
55%
Vigur Veigar
55%
Kinder Kindred
54%
Dzidalee Nidalee
54%
Ryzen Ryze
54%
Rzeźnik z Poznania Olaf
53%
Cin ciao Xin zhao
53%
Srakshan Akshan
52%
Świnia Sejuani
52%
Sraka Soraka
52%
Trash Thresh
52%
Dżumi Yuumi
52%
Krówsko Alistar
51%
Irlandia/Ionia dzwoni Irelia
51%
Tito Teemo
51%
Łejni Vayne
51%
Jizz Fizz
50%
Kanye Kayn
50%
Siktor Viktor
50%
Coras Corki
48%
Kołpak/Sralphite Malphite
48%
Shenpai Shen
48%
Habacia/Kapitan Sranksrank Gangplank
46%
Ezzie boy Ezreal
44%
Ka6 Kha'zix
43%
Lamus Rammus
43%
Mistrz Master Yi
42%
Kaktus Karthus
41%
Balon Talon
41%
Smok Aurelion Sol
37%
Talajlaj Taliyah
37%
Kozvel Vel'koz
37%
Kasia Pe Cassiopeia
36%
Jaca Jayce
35%
Inosus Nasus
34%
Jacques Jax
33%
Qiqi Qiyana
33%
Dobry pozycjoning Garen
32%
Nennek Kennen
32%
Gołąb Azir
31%
Pucha Nautilus
31%
Wholesome Baus Champ Sion
30%
Taki kozak Jhin
27%
Beni Lee Sin
27%
Burbon Zed
27%
200 lat Aphelios
26%
Linijczak Lillia
26%
Wojciech Boniacz Singed
24%
Jarek Jarvan IV
23%
Hashinshin Aatrox
22%
Grubs/Gangster Graves
22%
Pan Peważny Shaco
22%
Spermusia Lulu
20%
Juan Viego
20%
Forfiter/Szwagier Renekton
19%
Tomasz Kret Tahm Kench
19%
Dr Sexo Draven
18%
Pyciu pyciu Heimerding
18%
Orzeł Amumu
16%
78 Zilean
15%
Kekles Sivir
14%
Futak/Pomidorówa Maokai
12%
Perfuma Renata Glasc
12%
Szwed Swain
12%
Parówczak Ivern
10%
kubuted/78 Malzahar
10%
Szerlight Vladimir
10%
Michplu Volibear
10%
Czebomber Camille
9%
Lajlajlajlaj Illaoi
9%
PukaćSkręcać Nocturne
9%
Taki debil Trundle
9%
Problem? Gwen
5%
Janusz Varus
4%
Nie znaleziono quizów pasujących do podanych kryteriów
Rozkład punktacji
Procent ludzi z każdym wynikiem
Percentyl według liczby udzielonych odpowiedzi
Twoja historia wyników
Nie rozwiązałeś tego quizu